Sinsonte /
Gorde:
| Egile nagusia: | |
|---|---|
| Beste egile batzuk: | |
| Formatua: | Liburua |
| Hizkuntza: | gaztelania |
| Argitaratua: |
Madrid, España :
Impedimenta,
2022, c2022
|
| Edizioa: | 2a edición |
| Saila: | (Impedimenta) [s.n.]
|
| Gaiak: | |
| Etiketak: |
Etiketarik gabe, Izan zaitez lehena erregistro honi etiketa jartzen!
|
MARC
| LEADER | 00000nam^a2200000^a^4500 | ||
|---|---|---|---|
| 001 | 000579493 | ||
| 005 | 20250521000000.0 | ||
| 009 | 20260310132530.312 | ||
| 020 | |a 978-84-18668-37-1 | ||
| 037 | |a Acervo ITESO - Biblioteca | ||
| 041 | |a ESP | ||
| 082 | |a 813. |b TEV | ||
| 100 | |a Tevis, Walter |e (autor) | ||
| 240 | 1 | 1 | |a [Sinsonte] |
| 245 | 1 | 0 | |a Sinsonte / |c W. Tevis ; tr. a cargo de J. Bilbao. |
| 250 | |a 2a edición | ||
| 264 | 4 | |a Madrid, España : |b Impedimenta, |c 2022, c2022 | |
| 300 | |a 341 p. | ||
| 336 | |a texto |b txt |2 rdacontenido | ||
| 337 | |a sin mediación |b n |2 rdamedio | ||
| 338 | |a volumen |b nc |2 rdasoporte | ||
| 440 | 1 | |a (Impedimenta) [s.n.] | |
| 500 | |a Traducción de: Mockingbird | ||
| 521 | |a FIL 2023 DIA | ||
| 580 | |a Existe 1 tarjeta postal vinculada con el recurso, en el registro 578470 | ||
| 649 | |a XX | ||
| 650 | |a Robots en la Literatura | ||
| 650 | |a Novela Norteamericana | ||
| 650 | |a Literatura de Ciencia-Ficción - |z EUA | ||
| 650 | |a Literatura Norteamericana - |y Siglo XX | ||
| 700 | |a Bilbao, Jon, |d 1972- |e (traducción) | ||
| 910 | |a Fondo General | ||
| 920 | |a Impresos - Libros | ||
| 930 | |a Colección General | ||
| 940 | |a Literatura | ||
| 905 | |a 101 | ||
| 901 | |a 0500389742 |b IT1 |c LIT |i C183772 |u 20250521 | ||
| 902 | |a https://opac.biblio.iteso.mx/vufind/Record/000579493 | ||